| 000 | 00594cam a22002053a 4500 | ||
|---|---|---|---|
| 001 | 43261 | ||
| 003 | PGUSA | ||
| 005 | 20140828084001.0 | ||
| 008 | 130720s2013||||xxu|||||s|||||000 | eng d | ||
| 040 |
_aPGUSA _beng |
||
| 042 | _adc | ||
| 100 | 1 | _aSherer, Moyle | |
| 245 | 1 | 4 |
_aThe Broken Font, Vol. 1 (of 2) : _bA Story of the Civil War _h[electronic resource] / _cMoyle Sherer |
| 260 |
_bProject Gutenberg, _c2013 |
||
| 506 | _aPublic domain in the USA. | ||
| 516 | _aElectronic text | ||
| 830 | 0 |
_aProject Gutenberg _v43261 |
|
| 856 | 4 | 0 | _uhttp://www.gutenberg.org/ebooks/43261 |
| 942 | _cEB | ||
| 999 |
_c272512 _d272512 |
||